Abschlussbericht fur das Projekt "Erschliessung arbeitswissenschaftlicher Erkenntnisse als Grundlage Von Fernstudienangeboten" /

Saved in:
Bibliographic Details
Corporate Author: Fernuniversitat Hagen
Other Authors: Peters, Otto
Format: Book
Language:German
Published: Hagen : Fernuniversitat, 1981.
Subjects:
LEADER 00957nam a2200253 a 4500
001 c000313230
003 CARM
005 00000000000000.0
008 s1981 gw 00000 ger d
019 1 |a 5493887  |5 LACONCORD2021 
035 |a (OCoLC)220667590  |5 LACONCORD2021 
040 |a VDU  |c VDU 
041 0 |a ger 
043 |a e-gx--- 
082 0 4 |a 374.4  |2 20 
245 0 0 |a Abschlussbericht fur das Projekt "Erschliessung arbeitswissenschaftlicher Erkenntnisse als Grundlage Von Fernstudienangeboten" /  |c projektleiter, H.C.O. Peters. 
260 |a Hagen :  |b Fernuniversitat,  |c 1981. 
300 |a 218 p. 
650 0 |a University extension  |z Germany (West) 
700 1 0 |a Peters, Otto. 
710 2 0 |a Fernuniversitat Hagen. 
852 8 |b CARM  |h A3:AD07D0  |i F05595  |p 0471518  |f BK 
999 f f |i c6ddad40-af03-5991-97da-ba0b46f460d1  |s 8e6df573-c1bd-5618-b4ed-652846f0fe55 
952 f f |p Can circulate  |a CAVAL  |b CAVAL  |c CAVAL  |d CARM 1 Store  |e F05595  |f A3:AD07D0  |h Other scheme  |i book  |m 0471518